00530cam a2200169 a 4500020003200000020003500032020003500067040000800102082002600110100002000136245004800156246004800204250001200252260003900264300003400303650002300337 a0585069239 (electronic bk.) a1573561649 (case : alk. paper) a1573561657 (pbk. : alk. paper) cDLC00a808 ORX 1998 A093 Or.1 aDay, Robert A.,10aHow to write & publish a scientific paper /3 aHow to write and publish a scientific paper a5th ed. aPhoenix, Az. :bOryx Press,c1998. axvi, 275 p. :bill. ;c23 cm. 0aTechnical writing.